Anandamadom (Record no. 19916)

MARC details
000 -LEADER
fixed length control field 00703nam a2200253Ia 4500
003 - CONTROL NUMBER IDENTIFIER
control field OSt
005 - DATE AND TIME OF LATEST TRANSACTION
control field 20260518150550.0
008 - FIXED-LENGTH DATA ELEMENTS--GENERAL INFORMATION
fixed length control field 211109s9999||||xx |||||||||||||| ||und||
040 ## - CATALOGING SOURCE
Transcribing agency SBCL
082 ## - DEWEY DECIMAL CLASSIFICATION NUMBER
Classification number 894.8123
Item number BAK-A
100 ## - MAIN ENTRY--PERSONAL NAME
Personal name Bakim Chandra Chatterji,
245 #0 - TITLE STATEMENT
Title Anandamadom
260 ## - PUBLICATION, DISTRIBUTION, ETC.
Name of publisher, distributor, etc. Janatha Press
Place of publication, distribution, etc. Ernakulam
Date of publication, distribution, etc. 1953
300 ## - PHYSICAL DESCRIPTION
Extent 260P.
630 ## - SUBJECT ADDED ENTRY--UNIFORM TITLE
General subdivision Literature
650 ## - SUBJECT ADDED ENTRY--TOPICAL TERM
Topical term or geographic name entry element Literatures of other languages
650 ## - SUBJECT ADDED ENTRY--TOPICAL TERM
Topical term or geographic name entry element Altaic, Uralic, Hyperborean & Dravidian
650 ## - SUBJECT ADDED ENTRY--TOPICAL TERM
Topical term or geographic name entry element Dravidian literature
650 ## - SUBJECT ADDED ENTRY--TOPICAL TERM
Topical term or geographic name entry element South Dravidian languages 
650 ## - SUBJECT ADDED ENTRY--TOPICAL TERM
Topical term or geographic name entry element Malayalam 
650 ## - SUBJECT ADDED ENTRY--TOPICAL TERM
Topical term or geographic name entry element Malayalam fiction
942 ## - ADDED ENTRY ELEMENTS (KOHA)
Koha item type BOOK
650 ## - SUBJECT ADDED ENTRY--TOPICAL TERM
Form subdivision History, description & criticism
General subdivision Generalia
Holdings
Withdrawn status Lost status Source of classification or shelving scheme Damaged status Not for loan Home library Current library Date acquired Cost, normal purchase price Total Checkouts Full call number Barcode Shelving location Date last seen Price effective from Koha item type
    Dewey Decimal Classification     SB LIBRARY SB LIBRARY 09/11/2021 100.00   894.8123 BAK-A 00020615 GENERAL STACK 09/11/2021 09/11/2021 BOOK

Powered by Koha